Mistrzowie Świata w piłce nożnej w latach 90. XX wieku - Statystyki

Ogólne statystyki
  • Ten quiz został rozwiązany 41 razy
  • Średni wynik to 19 z 69
Statystyki odpowiedzi
Reprezentacja Rok wygranej Pozycja Piłkarz/Trener % Poprawnych
Francja 1998 Pomocnik Zinédine Zidane
86%
Brazylia 1994 Napastnik Ronaldo
81%
Francja 1998 Napastnik Stéphane Guivarc’h
76%
Francja 1998 Napastnik Thierry Henry
76%
Francja 1998 Bramkarz Fabien Barthez
68%
Francja 1998 Pomocnik Didier Deschamps
62%
Francja 1998 Obrońca Laurent Blanc
57%
Francja 1998 Obrońca Lilian Thuram
57%
Francja 1998 Napastnik David Trezeguet
54%
Francja 1998 Pomocnik Emmanuel Petit
54%
Brazylia 1994 Obrońca Cafú
51%
Brazylia 1994 Napastnik Romário
49%
Francja 1998 Obrońca Bixente Lizarazu
46%
Francja 1998 Obrońca Marcel Desailly
46%
RFN 1990 Pomocnik Lothar Matthäus
41%
Francja 1998 Pomocnik Patrick Vieira
41%
Brazylia 1994 Pomocnik Dunga
38%
RFN 1990 Trener Franz Beckenbauer
38%
Francja 1998 Pomocnik Robert Pirès
38%
Francja 1998 Bramkarz Bernard Lama
35%
Brazylia 1994 Bramkarz Cláudio Taffarel
35%
Brazylia 1994 Napastnik Müller
32%
Francja 1998 Pomocnik Youri Djorkaeff
32%
Brazylia 1994 Napastnik Bebeto
30%
Francja 1998 Napastnik Christophe Dugarry
30%
RFN 1990 Napastnik Jürgen Klinsmann
30%
Francja 1998 Trener Aimé Jacquet
27%
RFN 1990 Obrońca Andreas Brehme
27%
Francja 1998 Pomocnik Christian Karembeu
27%
RFN 1990 Napastnik Rudi Völler
27%
Brazylia 1994 Obrońca Aldair
22%
RFN 1990 Bramkarz Andreas Köpke
22%
Brazylia 1994 Trener Carlos Alberto Parreira
22%
Francja 1998 Pomocnik Alain Boghossian
19%
Francja 1998 Obrońca Frank Leboeuf
19%
RFN 1990 Obrońca Jürgen Kohler
19%
RFN 1990 Napastnik Karl-Heinz Riedle
19%
Brazylia 1994 Obrońca Márcio Santos
19%
RFN 1990 Pomocnik Pierre Littbarski
19%
Francja 1998 Bramkarz Lionel Charbonnier
16%
Brazylia 1994 Pomocnik Mazinho
16%
RFN 1990 Pomocnik Andreas Möller
14%
Francja 1998 Napastnik Bernard Diomède
14%
RFN 1990 Bramkarz Bodo Illgner
14%
Brazylia 1994 Obrońca Branco
14%
RFN 1990 Obrońca Klaus Augenthaler
14%
Brazylia 1994 Pomocnik Leonardo
14%
Brazylia 1994 Pomocnik Mauro Silva
14%
Francja 1998 Obrońca Vincent Candela
14%
Brazylia 1994 Napastnik Zinho
14%
RFN 1990 Obrońca Thomas Berthold
11%
RFN 1990 Pomocnik Thomas Häßler
11%
RFN 1990 Napastnik Frank Mill
8%
RFN 1990 Obrońca Guido Buchwald
8%
RFN 1990 Pomocnik Günter Hermann
8%
Brazylia 1994 Obrońca Jorginho
8%
Brazylia 1994 Pomocnik Paulo Sérgio
8%
RFN 1990 Obrońca Paul Steiner
8%
Brazylia 1994 Pomocnik Raí
8%
RFN 1990 Bramkarz Raimond Aumann
8%
Brazylia 1994 Obrońca Ronaldão
8%
RFN 1990 Obrońca Stefan Reuter
8%
Brazylia 1994 Pomocnik Viola
8%
Brazylia 1994 Bramkarz Zetti
8%
Brazylia 1994 Bramkarz Gilmar Rinaldi
5%
RFN 1990 Obrońca Hans Pflügler
5%
RFN 1990 Pomocnik Olaf Thon
5%
Brazylia 1994 Obrońca Ricardo Rocha
5%
RFN 1990 Pomocnik Uwe Bein
5%
Nie znaleziono quizów pasujących do podanych kryteriów
Rozkład punktacji
Procent ludzi z każdym wynikiem
Percentyl według liczby udzielonych odpowiedzi
Twoja historia wyników
Nie rozwiązałeś tego quizu